| 000 | 00000nam 2200000za 4500 |
| 001 | 9.821378 |
| 003 | CaOODSP |
| 005 | 20251031142447 |
| 007 | cr ||||||||||| |
| 008 | 160720s2008 onc|||||o f|0| 0 eng d |
| 040 | |aCaOODSP|beng |
| 043 | |an-cn--- |
| 086 | 1 |aM183-2/5902E-PDF |
| 100 | 1 |aTaylor, R.B. |
| 245 | 10|aHistorical changes in Cow Bay Beach, Halifax Regional Municipality, Nova Scotia |h[electronic resource] / |cR.B. Taylor, D. Frobel and E. Patton. |
| 260 | |aOttawa : |bNatural Resources Canada, Geological Survey of Canada, |c2008. |
| 300 | |a1 p. : |bphotos, graph. |
| 490 | 1 |aOpen file (Geological Survey of Canada)|v5902 |
| 520 | |aFrom the early 1900s to the 1950s, Cow Bay Beach, also known as Silver Sands Beach, was one of the largest and most popular recreational beaches near Halifax. ... |
| 692 | 07|2gccst|aCoasts |
| 692 | 07|2gccst|aErosion |
| 692 | 07|2gccst|aOceanography |
| 693 | 4|aBeaches |
| 693 | 4|aMarine geology |
| 700 | 1 |aFrobel, D. |
| 700 | 1 |aPatton, E. |q(Eric) |
| 710 | 1 |aCanada. |bNatural Resources Canada. |
| 710 | 2 |aGeological Survey of Canada. |
| 830 | #0|aOpen file (Geological Survey of Canada)|v5902|w(CaOODSP)9.506878 |
| 856 | 40|qPDF|s6.39 MB|uhttps://publications.gc.ca/collections/collection_2016/rncan-nrcan/M183-2-5902-eng.pdf |